[Event "XVIII. DBMM Schach"]
[Site "Altenberg OT Zinnwald"]
[Date "2018.11.08"]
[Round "1.4"]
[White "Wieland, Karsten"]
[Black "Salomon, Hendrik"]
[Result "1-0"]
[WhiteElo "1676"]
[BlackElo "1300"]
[Annotator "br"]
[PlyCount "117"]
[EventDate "2018.11.??"]
[EventType "team-swiss"]
[EventRounds "7"]
[EventCountry "GER"]
[SourceTitle "XVIII. DBMM 2018"]
[Source "FV Schach e.V."]
[SourceDate "2018.11.12"]
[SourceVersion "1"]
[SourceVersionDate "2018.11.12"]
[SourceQuality "1"]
[WhiteTeam "Dresdner Schachfestival"]
[BlackTeam "SG Stern Stuttgart"]
[WhiteTeamCountry "GER"]
[BlackTeamCountry "GER"]

1. d4 d5 2. Bf4 e6 3. Nf3 Nf6 4. h3 Bd6 5. Bg5 h6 6. Bh4 Nc6 7. e3 a6 8. Bd3 e5
9. dxe5 Nxe5 10. Nbd2 Nxd3+ 11. cxd3 Be7 12. O-O Nh5 13. Ne5 Bxh4 14. Qxh5 g6
15. Qf3 Bf6 16. Qg3 O-O 17. Ndf3 Bf5 18. d4 c6 19. Ng4 Kg7 20. Nxf6 Qxf6 21. a3
a5 22. Rfc1 Rfc8 23. Rc3 Qd8 24. Rac1 f6 25. Nh4 Qd7 26. Rc5 g5 27. f4 Kh7 28.
fxg5 fxg5 29. Nxf5 Qxf5 30. Rf1 Qg6 31. Qe5 Re8 32. Qc7+ Kg8 33. Rxa5 Rxa5 34.
Qxa5 Rxe3 35. Qa8+ Re8 36. Qxb7 Qe4 37. Qf7+ Kh8 38. Qf6+ Kh7 39. Qf5+ Qxf5 40.
Rxf5 Re4 41. Rf6 Rxd4 42. Rxc6 Rd1+ 43. Kh2 Rd3 44. Rc3 Rd4 45. Kg3 Kg6 46. Kf3
Rf4+ 47. Ke2 Re4+ 48. Re3 Rc4 49. b3 Rc2+ 50. Kf3 d4 51. Rd3 Rc3 52. Ke4 Rxd3
53. Kxd3 Kf5 54. Kxd4 Ke6 55. g4 Kd6 56. b4 Kc6 57. a4 Kb6 58. Kd5 Kb7 59. Ke6
1-0

[Event "XVIII. DBMM Schach"]
[Site "Altenberg OT Zinnwald"]
[Date "2018.11.08"]
[Round "1.1"]
[White "Segerberg, Tomas"]
[Black "Koerlin, Hans Juergen"]
[Result "1-0"]
[WhiteElo "2028"]
[BlackElo "1878"]
[Annotator "br"]
[PlyCount "60"]
[EventDate "2018.11.??"]
[EventType "team-swiss"]
[EventRounds "7"]
[EventCountry "GER"]
[SourceTitle "XVIII. DBMM 2018"]
[Source "FV Schach e.V."]
[SourceDate "2018.11.12"]
[SourceVersion "1"]
[SourceVersionDate "2018.11.12"]
[SourceQuality "1"]
[WhiteTeam "Europaeisches Patentamt Muenchen"]
[BlackTeam "BA Tempelhof Berlin II"]
[WhiteTeamCountry "GER"]
[BlackTeamCountry "GER"]

1. c4 e5 2. Nc3 Nc6 3. Nf3 f5 4. d4 e4 5. Bg5 Be7 6. Bxe7 Qxe7 7. Nd2 Nf6 8. e3
O-O 9. g3 b6 10. h4 Bb7 11. Nb3 a5 12. Bh3 g6 13. O-O a4 14. Nc1 a3 15. bxa3
Ba6 16. Nb5 d5 17. Qb3 Na5 18. Qb4 Qd7 19. Ne2 Nxc4 20. a4 c6 21. Nbc3 Nd2 22.
Rfc1 Rab8 23. Nf4 Rfc8 24. Rc2 Nf3+ 25. Kh1 c5 26. Qa3 cxd4 27. exd4 Nxd4 28.
Rd2 Rc4 29. Bf1 b5 30. Bxc4 Nf3 {Zeit.} 1-0

[Event "XVIII. DBMM Schach"]
[Site "Altenberg OT Zinnwald"]
[Date "2018.11.08"]
[Round "1.2"]
[White "Glienke, Michael"]
[Black "Bohnhoff, Peter"]
[Result "1-0"]
[WhiteElo "1667"]
[BlackElo "2065"]
[Annotator "br"]
[PlyCount "77"]
[EventDate "2018.11.??"]
[EventType "team-swiss"]
[EventRounds "7"]
[EventCountry "GER"]
[SourceTitle "XVIII. DBMM 2018"]
[Source "FV Schach e.V."]
[SourceDate "2018.11.12"]
[SourceVersion "1"]
[SourceVersionDate "2018.11.12"]
[SourceQuality "1"]
[WhiteTeam "BA Tempelhof Berlin II"]
[BlackTeam "Europaeisches Patentamt Muenchen"]
[WhiteTeamCountry "GER"]
[BlackTeamCountry "GER"]

1. d4 f5 2. Bf4 Nf6 3. c4 g6 4. e3 Bg7 5. Nc3 d6 6. Nf3 O-O 7. Be2 Nc6 8. Rc1
Nh5 9. Bg5 h6 10. Bh4 g5 11. Bg3 e6 12. d5 Nxg3 13. hxg3 Ne5 14. dxe6 Bxe6 15.
Qb3 Nxf3+ 16. Bxf3 Rb8 17. O-O Qe7 18. Bd5 c6 19. Bxe6+ Qxe6 20. Rfd1 Be5 21.
f4 Bf6 22. Rd3 Rfd8 23. Rcd1 Rd7 24. Qa3 Rbd8 25. Qxa7 Qxc4 26. b3 Qe6 27. Kf2
Re8 28. b4 d5 29. Ne2 d4 30. Kg1 b5 31. Qb6 Qc4 32. Nxd4 Rxe3 33. Rxe3 Bxd4 34.
Rxd4 Qxd4 35. Qb8+ Kg7 36. Qe8 gxf4 37. gxf4 Qd1+ 38. Kh2 Qd6 39. Rg3+ 1-0

[Event "XVIII. DBMM Schach"]
[Site "Altenberg OT Zinnwald"]
[Date "2018.11.08"]
[Round "1.3"]
[White "Dekker, Derk"]
[Black "Meseck, Michael"]
[Result "1-0"]
[WhiteElo "1855"]
[BlackElo "1545"]
[Annotator "br"]
[PlyCount "71"]
[EventDate "2018.11.??"]
[EventType "team-swiss"]
[EventRounds "7"]
[EventCountry "GER"]
[SourceTitle "XVIII. DBMM 2018"]
[Source "FV Schach e.V."]
[SourceDate "2018.11.12"]
[SourceVersion "1"]
[SourceVersionDate "2018.11.12"]
[SourceQuality "1"]
[WhiteTeam "Europaeisches Patentamt Muenchen"]
[BlackTeam "BA Tempelhof Berlin II"]
[WhiteTeamCountry "GER"]
[BlackTeamCountry "GER"]

1. d4 d5 2. c4 e6 3. Nc3 Nf6 4. Nf3 c6 5. Bg5 Nbd7 6. e3 Qa5 7. Nd2 Bb4 8. Qc2
dxc4 9. Bxf6 Nxf6 10. Bxc4 O-O 11. O-O b5 12. Bd3 Bb7 13. Nb3 Qd8 14. Ne4 Nxe4
15. Bxe4 f5 16. Bf3 Rc8 17. Nc5 Bxc5 18. Qxc5 a5 19. Rfc1 Qd7 20. a4 Rfd8 21.
Qb6 bxa4 22. Qxa5 Ra8 23. Qc5 Ra6 24. Be2 Raa8 25. Qb6 Rdb8 26. Qc5 Qc7 27. Qc4
Ba6 28. Qxe6+ Kh8 29. Bf3 Rxb2 30. Rxc6 Qa5 31. Rc5 Qd2 32. Bxa8 Qxf2+ 33. Kh1
h6 34. Rxf5 Ra2 35. Rg1 Qe2 36. Rf8+ 1-0

[Event "XVIII. DBMM Schach"]
[Site "Altenberg OT Zinnwald"]
[Date "2018.11.08"]
[Round "1.4"]
[White "Frahm, Werner"]
[Black "Brendemuehl, Bernd"]
[Result "0-1"]
[WhiteElo "1547"]
[BlackElo "1886"]
[Annotator "br"]
[PlyCount "72"]
[EventDate "2018.11.??"]
[EventType "team-swiss"]
[EventRounds "7"]
[EventCountry "GER"]
[SourceTitle "XVIII. DBMM 2018"]
[Source "FV Schach e.V."]
[SourceDate "2018.11.12"]
[SourceVersion "1"]
[SourceVersionDate "2018.11.12"]
[SourceQuality "1"]
[WhiteTeam "BA Tempelhof Berlin II"]
[BlackTeam "Europaeisches Patentamt Muenchen"]
[WhiteTeamCountry "GER"]
[BlackTeamCountry "GER"]

1. Nf3 d5 2. g3 Nf6 3. Bg2 g6 4. O-O Bg7 5. d4 O-O 6. c3 Nbd7 7. Nbd2 c5 8. Re1
b6 9. e4 dxe4 10. Nxe4 Nxe4 11. Rxe4 Bb7 12. Re1 cxd4 13. Nxd4 Bxg2 14. Kxg2 e5
15. Nf3 Qc7 16. Be3 Rfe8 17. Kg1 h6 18. Rc1 Rad8 19. Qc2 Qb7 20. Nh4 e4 21.
Rcd1 Ne5 22. Rxd8 Rxd8 23. Bd4 Nd3 24. Re3 Bxd4 25. cxd4 Rxd4 26. f3 Nc5 27.
fxe4 Rxe4 28. Qe2 Qe7 29. Rxe4 Qxe4 30. Qd2 Qb1+ 31. Kg2 Qxa2 32. Qd8+ Kh7 33.
Qf6 Qe6 34. Qc3 Qe2+ 35. Kh3 Ne4 36. g4 Nxc3 0-1

[Event "XVIII. DBMM Schach"]
[Site "Altenberg OT Zinnwald"]
[Date "2018.11.08"]
[Round "1.1"]
[White "Wolf, Wilfried"]
[Black "Gohil, Harry"]
[Result "0-1"]
[WhiteElo "1515"]
[BlackElo "2229"]
[Annotator "br"]
[PlyCount "28"]
[EventDate "2018.11.??"]
[EventType "team-swiss"]
[EventRounds "7"]
[EventCountry "GER"]
[SourceTitle "XVIII. DBMM 2018"]
[Source "FV Schach e.V."]
[SourceDate "2018.11.12"]
[SourceVersion "1"]
[SourceVersionDate "2018.11.12"]
[SourceQuality "1"]
[WhiteTeam "BA Tempelhof Berlin IV"]
[BlackTeam "BSG Commerzbank Frankfurt"]
[WhiteTeamCountry "GER"]
[BlackTeamCountry "GER"]

1. e4 c5 2. Nf3 Nc6 3. d4 cxd4 4. Nxd4 e5 5. Nb3 Bb4+ 6. Bd2 Nf6 7. Bd3 O-O 8.
Bxb4 Nxb4 9. Nc3 d5 10. exd5 Nfxd5 11. Nxd5 Qxd5 12. O-O Be6 13. a3 Nxd3 14.
Qxd3 Qxd3 0-1

[Event "XVIII. DBMM Schach"]
[Site "Altenberg OT Zinnwald"]
[Date "2018.11.08"]
[Round "1.2"]
[White "Piepenburg, Rolf"]
[Black "Schneider, Eckehard"]
[Result "0-1"]
[WhiteElo "1984"]
[BlackElo "1733"]
[Annotator "br"]
[PlyCount "67"]
[EventDate "2018.11.??"]
[EventType "team-swiss"]
[EventRounds "7"]
[EventCountry "GER"]
[SourceTitle "XVIII. DBMM 2018"]
[Source "FV Schach e.V."]
[SourceDate "2018.11.12"]
[SourceVersion "1"]
[SourceVersionDate "2018.11.12"]
[SourceQuality "1"]
[WhiteTeam "BSG Commerzbank Frankfurt"]
[BlackTeam "BA Tempelhof Berlin IV"]
[WhiteTeamCountry "GER"]
[BlackTeamCountry "GER"]

1. Nf3 Nf6 2. c4 g6 3. g3 Bg7 4. Bg2 O-O 5. O-O d6 6. d4 c5 7. Nc3 Na6 8. d5
Bf5 9. Ne1 Rb8 10. e4 Bd7 11. a4 Nb4 12. Ra3 a6 13. a5 Qc7 14. b3 Ng4 15. Bb2
f5 16. Qd2 Bd4 17. Ne2 Bxb2 18. Qxb2 b5 19. axb6 Qxb6 20. Qc3 Rf7 21. h3 Nf6
22. e5 dxe5 23. Qxe5 Ne4 24. Qf4 Rbf8 25. Qc1 Qf6 26. f3 Nd6 27. Qd2 g5 28. Nd3
Nb7 29. f4 gxf4 30. Nxb4 cxb4 31. Qxb4 Nd6 32. Rxf4 Qb2 33. Nd4 Qc1+ 34. Kh2
0-1

[Event "XVIII. DBMM Schach"]
[Site "Altenberg OT Zinnwald"]
[Date "2018.11.08"]
[Round "1.3"]
[White "Mueller, Stefan"]
[Black "Brauer, Frank"]
[Result "0-1"]
[WhiteElo "1786"]
[BlackElo "1791"]
[Annotator "br"]
[PlyCount "84"]
[EventDate "2018.11.??"]
[EventType "team-swiss"]
[EventRounds "7"]
[EventCountry "GER"]
[SourceTitle "XVIII. DBMM 2018"]
[Source "FV Schach e.V."]
[SourceDate "2018.11.12"]
[SourceVersion "1"]
[SourceVersionDate "2018.11.12"]
[SourceQuality "1"]
[WhiteTeam "BA Tempelhof Berlin IV"]
[BlackTeam "BSG Commerzbank Frankfurt"]
[WhiteTeamCountry "GER"]
[BlackTeamCountry "GER"]

1. d4 Nf6 2. Nf3 d5 3. e3 e6 4. Bd3 c5 5. c3 Nc6 6. Nbd2 Bd6 7. O-O O-O 8. Qe2
e5 9. dxe5 Nxe5 10. Nxe5 Bxe5 11. f4 Bc7 12. Nf3 Re8 13. Qc2 c4 14. Bf5 Ne4 15.
Bxe4 dxe4 16. Nd4 a6 17. Bd2 Bd7 18. a3 b5 19. Rad1 Bg4 20. Rc1 Qf6 21. Be1 Bd7
22. Qe2 Qh6 23. Rc2 f5 24. g3 Bb6 25. Rd2 Rad8 26. Bf2 Rf8 27. Rfd1 Bc8 28. h4
Qf6 29. Kg2 Bd7 30. h5 Be8 31. Rh1 h6 32. Rhd1 Qf7 33. Rh1 a5 34. g4 fxg4 35.
Qxg4 Bd7 36. Qh4 Bf5 37. Rhd1 Rd5 38. Nxf5 Rxf5 39. Rh1 Rd5 40. Rhd1 Rd3 41.
Qg4 Rfd8 42. Qe2 R8d5 0-1

[Event "XVIII. DBMM Schach"]
[Site "Altenberg OT Zinnwald"]
[Date "2018.11.08"]
[Round "1.4"]
[White "Huebner, Detlef"]
[Black "Dankovic, Oliver"]
[Result "1/2-1/2"]
[WhiteElo "1513"]
[BlackElo "1338"]
[Annotator "br"]
[PlyCount "39"]
[EventDate "2018.11.??"]
[EventType "team-swiss"]
[EventRounds "7"]
[EventCountry "GER"]
[SourceTitle "XVIII. DBMM 2018"]
[Source "FV Schach e.V."]
[SourceDate "2018.11.12"]
[SourceVersion "1"]
[SourceVersionDate "2018.11.12"]
[SourceQuality "1"]
[WhiteTeam "BSG Commerzbank Frankfurt"]
[BlackTeam "BA Tempelhof Berlin IV"]
[WhiteTeamCountry "GER"]
[BlackTeamCountry "GER"]

1. c4 e5 2. Nc3 Nc6 3. Nf3 Bc5 4. e3 Nf6 5. Nxe5 Nxe5 6. d4 Bxd4 7. exd4 Ng6 8.
Be2 c6 9. Bf3 Rb8 10. O-O O-O 11. Bg5 h6 12. Be3 a6 13. Qd2 d5 14. c5 Bg4 15.
Qe2 Bxf3 16. Qxf3 Re8 17. Rad1 Ne4 18. Bf4 Nxf4 19. Qxf4 Nxc3 20. bxc3 1/2-1/2

[Event "XVIII. DBMM Schach"]
[Site "Altenberg OT Zinnwald"]
[Date "2018.11.08"]
[Round "1.1"]
[White "Koscielski, Janusch"]
[Black "Warnest, Stefan"]
[Result "1-0"]
[WhiteElo "2320"]
[BlackElo "1537"]
[Annotator "br"]
[PlyCount "65"]
[EventDate "2018.11.??"]
[EventType "team-swiss"]
[EventRounds "7"]
[EventCountry "GER"]
[SourceTitle "XVIII. DBMM 2018"]
[Source "FV Schach e.V."]
[SourceDate "2018.11.12"]
[SourceVersion "1"]
[SourceVersionDate "2018.11.12"]
[SourceQuality "1"]
[WhiteTeam "EKJ Herne und Wanne-Eickel"]
[BlackTeam "BA Tempelhof Berlin III"]
[WhiteTeamCountry "GER"]
[BlackTeamCountry "GER"]

1. e4 c6 2. d4 d5 3. Nc3 dxe4 4. Nxe4 Bf5 5. Ng3 Bg6 6. Nf3 Nd7 7. h4 h6 8. h5
Bh7 9. Bd3 Bxd3 10. Qxd3 e6 11. Bd2 Qc7 12. Qe2 O-O-O 13. O-O-O Ngf6 14. Ne5
Nxe5 15. dxe5 Nd7 16. f4 Be7 17. Be3 Bc5 18. Ne4 Bxe3+ 19. Qxe3 Nb6 20. Nd6+
Kb8 21. c4 Nc8 22. c5 Rhf8 23. Nxc8 Rxd1+ 24. Rxd1 Kxc8 25. Rd6 Rd8 26. a3 b5
27. Qe4 Rxd6 28. exd6 Qd7 29. Qh7 f5 $11 30. Qg8+ Kb7 31. Qf8 a5 32. b4 axb4
33. axb4 1-0

[Event "XVIII. DBMM Schach"]
[Site "Altenberg OT Zinnwald"]
[Date "2018.11.08"]
[Round "1.2"]
[White "Kalkowski, Thomas"]
[Black "Hortolani, Sven Holger"]
[Result "0-1"]
[WhiteElo "1455"]
[BlackElo "2140"]
[Annotator "br"]
[PlyCount "82"]
[EventDate "2018.11.??"]
[EventType "team-swiss"]
[EventRounds "7"]
[EventCountry "GER"]
[SourceTitle "XVIII. DBMM 2018"]
[Source "FV Schach e.V."]
[SourceDate "2018.11.12"]
[SourceVersion "1"]
[SourceVersionDate "2018.11.12"]
[SourceQuality "1"]
[WhiteTeam "BA Tempelhof Berlin III"]
[BlackTeam "EKJ Herne und Wanne-Eickel"]
[WhiteTeamCountry "GER"]
[BlackTeamCountry "GER"]

1. e4 e6 2. d4 d5 3. exd5 exd5 4. Nf3 Nf6 5. Bg5 Be7 6. Nc3 Bg4 7. Be2 O-O 8.
h3 Bh5 9. g4 Bg6 10. Ne5 c5 11. Nxg6 hxg6 12. Qd2 cxd4 13. Qxd4 Nc6 14. Qd2 d4
15. Bxf6 Bxf6 16. Ne4 Re8 17. Nxf6+ Qxf6 18. O-O Qh4 19. Kh2 Re7 20. Rae1 Rae8
21. Bb5 Qf6 22. Bxc6 Qd6+ 23. Kg1 bxc6 24. Rxe7 Rxe7 25. Re1 c5 26. Rxe7 Qxe7
27. Kf1 Qe4 28. Kg1 Qf3 29. Kh2 Qd5 30. Qa5 Qd6+ 31. Kg1 Qe7 32. Qd2 f5 33. f4
Qe4 34. g5 Kf7 35. b3 Ke6 36. Kf2 Kd5 37. Qe2 Qxf4+ 38. Qf3+ Qxf3+ 39. Kxf3 Ke5
40. a3 a5 41. a4 f4 0-1

[Event "XVIII. DBMM Schach"]
[Site "Altenberg OT Zinnwald"]
[Date "2018.11.08"]
[Round "1.3"]
[White "Leveikina, Jevgenija"]
[Black "Quast, Michael"]
[Result "1/2-1/2"]
[WhiteElo "2110"]
[BlackElo "1801"]
[Annotator "br"]
[PlyCount "86"]
[EventDate "2018.11.??"]
[EventType "team-swiss"]
[EventRounds "7"]
[EventCountry "GER"]
[SourceTitle "XVIII. DBMM 2018"]
[Source "FV Schach e.V."]
[SourceDate "2018.11.12"]
[SourceVersion "1"]
[SourceVersionDate "2018.11.12"]
[SourceQuality "1"]
[WhiteTeam "EKJ Herne und Wanne-Eickel"]
[BlackTeam "BA Tempelhof Berlin III"]
[WhiteTeamCountry "GER"]
[BlackTeamCountry "GER"]

1. d4 b6 2. Nf3 Bb7 3. Bf4 e6 4. e3 Nf6 5. Nbd2 d6 6. h3 h6 7. Bd3 Be7 8. O-O
Nbd7 9. Bh2 g5 10. e4 g4 11. hxg4 Nxg4 12. Qe2 a5 $11 13. Rad1 h5 14. e5 Rg8
15. Be4 Ba6 16. c4 d5 17. Bd3 Bg5 18. cxd5 Nxh2 19. Kxh2 Bxd2 20. Rxd2 Bb7 21.
g3 Bxd5 22. Be4 Nf8 23. Rc2 Ra7 24. Nh4 Rg4 25. f3 Rxh4+ 26. gxh4 Qxh4+ 27. Kg1
Ng6 28. Bxg6 fxg6 $11 29. Qe3 c6 30. Rh2 Qe7 31. Rg2 Qh7 32. b3 Rf7 33. Qd3 Rf5
34. Qa6 Qh6 35. Qd3 h4 36. Qd2 Qh5 37. Qe3 h3 38. Rg3 h2+ 39. Kh1 g5 40. Qf2 g4
41. Qxh2 Bxf3+ 42. Rfxf3 Qxh2+ 43. Kxh2 gxf3 1/2-1/2

[Event "XVIII. DBMM Schach"]
[Site "Altenberg OT Zinnwald"]
[Date "2018.11.08"]
[Round "1.1"]
[White "Bruening, Martin"]
[Black "Guder, Sibylle"]
[Result "0-1"]
[WhiteElo "1772"]
[BlackElo "1785"]
[Annotator "br"]
[PlyCount "70"]
[EventDate "2018.11.??"]
[EventType "team-swiss"]
[EventRounds "7"]
[EventCountry "GER"]
[SourceTitle "XVIII. DBMM 2018"]
[Source "FV Schach e.V."]
[SourceDate "2018.11.12"]
[SourceVersion "1"]
[SourceVersionDate "2018.11.12"]
[SourceQuality "1"]
[WhiteTeam "SG Airbus Bremen"]
[BlackTeam "BA Tempelhof Berlin"]
[WhiteTeamCountry "GER"]
[BlackTeamCountry "GER"]

1. d4 d5 2. c4 e6 3. Nc3 Nf6 4. Bg5 Be7 5. e3 Nbd7 6. Nf3 O-O 7. Bd3 b6 8. O-O
Bb7 9. Rc1 c5 10. Qe2 Ne4 11. Bxe7 Qxe7 12. cxd5 exd5 13. dxc5 Nxc3 14. Rxc3
bxc5 15. Rfc1 Qf6 16. Nd2 c4 17. Bb1 Ne5 18. b3 Ba6 19. bxc4 dxc4 20. Nf3 Nxf3+
21. Qxf3 Qxf3 22. gxf3 Rfd8 23. a3 Rd2 24. R3c2 Rad8 25. Ba2 c3 26. Bb3 Rxc2
27. Rxc2 Rc8 28. Kg2 Kf8 29. f4 Bd3 30. Rc1 c2 31. Kf3 Rc3 32. Bd5 Rxa3 33. Be4
Bxe4+ 34. Kxe4 Rc3 35. Kd4 Rc7 0-1

[Event "XVIII. DBMM Schach"]
[Site "Altenberg OT Zinnwald"]
[Date "2018.11.08"]
[Round "1.2"]
[White "Kettenburg, Stefan"]
[Black "Jacobsen, Ruediger"]
[Result "1-0"]
[WhiteElo "2075"]
[BlackElo "1466"]
[Annotator "br"]
[PlyCount "41"]
[EventDate "2018.11.??"]
[EventType "team-swiss"]
[EventRounds "7"]
[EventCountry "GER"]
[SourceTitle "XVIII. DBMM 2018"]
[Source "FV Schach e.V."]
[SourceDate "2018.11.12"]
[SourceVersion "1"]
[SourceVersionDate "2018.11.12"]
[SourceQuality "1"]
[WhiteTeam "BA Tempelhof Berlin"]
[BlackTeam "SG Airbus Bremen"]
[WhiteTeamCountry "GER"]
[BlackTeamCountry "GER"]

1. d4 Nf6 2. c4 g6 3. Nc3 Bg7 4. e4 d6 5. f4 O-O 6. Nf3 Bg4 7. Be2 c5 8. d5 Ne8
9. O-O Nd7 10. Be3 e5 11. dxe6 fxe6 12. Ng5 Bxe2 13. Qxe2 Qe7 14. Qg4 Nc7 15.
Rae1 Bf6 16. Nf3 Nb6 17. e5 Bh8 18. exd6 Qxd6 19. Ne4 Qd3 20. Bxc5 Bd4+ 21.
Bxd4 1-0

[Event "XVIII. DBMM Schach"]
[Site "Altenberg OT Zinnwald"]
[Date "2018.11.08"]
[Round "1.3"]
[White "Hueners, Rolf"]
[Black "Baranowsky, Peter"]
[Result "1/2-1/2"]
[WhiteElo "1400"]
[BlackElo "1867"]
[Annotator "br"]
[PlyCount "62"]
[EventDate "2018.11.??"]
[EventType "team-swiss"]
[EventRounds "7"]
[EventCountry "GER"]
[SourceTitle "XVIII. DBMM 2018"]
[Source "FV Schach e.V."]
[SourceDate "2018.11.12"]
[SourceVersion "1"]
[SourceVersionDate "2018.11.12"]
[SourceQuality "1"]
[WhiteTeam "SG Airbus Bremen"]
[BlackTeam "BA Tempelhof Berlin"]
[WhiteTeamCountry "GER"]
[BlackTeamCountry "GER"]

1. d4 Nf6 2. c4 g6 3. e3 Bg7 4. Nf3 d6 5. b4 O-O 6. Bb2 a5 7. b5 c5 8. bxc6
Nxc6 9. a3 Qb6 10. Qd2 Ne4 11. Qc1 Bd7 12. Bd3 Nf6 13. O-O a4 14. Nc3 e5 15.
dxe5 dxe5 16. Ne4 Rfe8 17. Nxf6+ Bxf6 18. Be4 Na5 19. Rb1 Nb3 20. Qc3 Bc6 21.
Bxc6 Qxc6 22. Nd2 Nxd2 23. Qxd2 Qxc4 24. Rfc1 Qe6 25. Bc3 Rad8 26. Qc2 Qc6 27.
Rb4 Rc8 28. Qxa4 Red8 29. Qxc6 Rxc6 30. Rbb1 Rdc8 31. Bd2 Be7 1/2-1/2

[Event "XVIII. DBMM Schach"]
[Site "Altenberg OT Zinnwald"]
[Date "2018.11.08"]
[Round "1.4"]
[White "Schmidt, Joerg"]
[Black "Waltz, Juergen"]
[Result "1-0"]
[WhiteElo "1819"]
[BlackElo "1400"]
[Annotator "br"]
[PlyCount "69"]
[EventDate "2018.11.??"]
[EventType "team-swiss"]
[EventRounds "7"]
[EventCountry "GER"]
[SourceTitle "XVIII. DBMM 2018"]
[Source "FV Schach e.V."]
[SourceDate "2018.11.12"]
[SourceVersion "1"]
[SourceVersionDate "2018.11.12"]
[SourceQuality "1"]
[WhiteTeam "BA Tempelhof Berlin"]
[BlackTeam "SG Airbus Bremen"]
[WhiteTeamCountry "GER"]
[BlackTeamCountry "GER"]

1. e4 c5 2. b3 Nc6 3. Bb2 e6 4. Nf3 Nf6 5. Nc3 Be7 6. d4 O-O 7. d5 exd5 8. exd5
Nd4 9. Nxd4 cxd4 10. Qxd4 d6 11. Bd3 Re8 12. O-O-O Bf8 13. Rde1 Bd7 14. Kb1 Qa5
15. b4 Qb6 16. Qxb6 axb6 17. f3 Rxe1+ 18. Rxe1 Re8 19. Rxe8 Bxe8 20. g4 h6 21.
h4 Nd7 22. f4 f6 23. Ne4 Be7 24. Bd4 g6 25. Bb5 Kf7 26. Nd2 g5 27. hxg5 hxg5
28. Bxd7 Bxd7 29. f5 Bb5 30. c4 Bd7 31. Bxb6 Ke8 32. Ne4 Bd8 33. Bxd8 Kxd8 34.
Nxf6 Ke7 35. Ne4 1-0

[Event "XVIII. DBMM Schach"]
[Site "Altenberg OT Zinnwald"]
[Date "2018.11.08"]
[Round "2.1"]
[White "Hohlfeld, Wolfgang"]
[Black "Koscielski, Janusch"]
[Result "1/2-1/2"]
[WhiteElo "2056"]
[BlackElo "2320"]
[Annotator "br"]
[PlyCount "119"]
[EventDate "2018.11.??"]
[EventType "team-swiss"]
[EventRounds "7"]
[EventCountry "GER"]
[SourceTitle "XVIII. DBMM 2018"]
[Source "FV Schach e.V."]
[SourceDate "2018.11.12"]
[SourceVersion "1"]
[SourceVersionDate "2018.11.12"]
[SourceQuality "1"]
[WhiteTeam "Baubehoerde Hamburg"]
[BlackTeam "EKJ Herne und Wanne-Eickel"]
[WhiteTeamCountry "GER"]
[BlackTeamCountry "GER"]

1. e4 c5 2. c3 d5 3. exd5 Qxd5 4. d4 Nf6 5. Nf3 Bg4 6. Be2 e6 7. h3 Bh5 8. O-O
Nc6 9. Be3 cxd4 10. Nxd4 Bxe2 11. Qxe2 Nxd4 12. Bxd4 Be7 13. Rd1 Qc6 14. Nd2
O-O 15. Nf3 Rfd8 16. Ne5 Qc7 17. Ng4 Nxg4 18. Qxg4 g6 19. Be3 a6 20. Bg5 Bxg5
21. Qxg5 Rd7 22. h4 Rad8 23. Rxd7 Rxd7 24. Re1 Rd5 25. Qe3 h5 26. g3 Qd6 27.
Qf3 b5 28. Qe3 Kg7 29. a3 Kg8 30. Re2 Rd3 31. Qe4 Rd1+ 32. Re1 Qd5 33. Qe3 Rd3
34. Qe4 Rd2 35. Qxd5 exd5 36. Re8+ Kg7 37. Ra8 Rxb2 38. Rxa6 Rb3 39. Rd6 Rxc3
40. Rxd5 Rb3 41. Kf1 Kf6 42. Ke2 Ke6 43. Rd3 Rb2+ 44. Ke3 Ke5 45. f4+ Kf5 46.
Kf3 Rb1 47. Rd5+ Ke6 48. Rd3 Rc1 49. Ke4 Rc4+ 50. Kf3 Rc8 51. Ke4 Rc4+ 52. Kf3
Ra4 53. Rb3 Ra8 54. Rd3 Ra4 55. Rb3 Ra5 56. Rd3 Ra4 57. Ke3 Rc4 58. Kf3 Rc5 59.
Ke4 Rc4+ 60. Kf3 1/2-1/2

[Event "XVIII. DBMM Schach"]
[Site "Altenberg OT Zinnwald"]
[Date "2018.11.08"]
[Round "2.2"]
[White "Hortolani, Sven Holger"]
[Black "Hein, Ralf"]
[Result "1-0"]
[WhiteElo "2140"]
[BlackElo "2053"]
[Annotator "br"]
[PlyCount "61"]
[EventDate "2018.11.??"]
[EventType "team-swiss"]
[EventRounds "7"]
[EventCountry "GER"]
[SourceTitle "XVIII. DBMM 2018"]
[Source "FV Schach e.V."]
[SourceDate "2018.11.12"]
[SourceVersion "1"]
[SourceVersionDate "2018.11.12"]
[SourceQuality "1"]
[WhiteTeam "EKJ Herne und Wanne-Eickel"]
[BlackTeam "Baubehoerde Hamburg"]
[WhiteTeamCountry "GER"]
[BlackTeamCountry "GER"]

1. Nf3 d5 2. g3 Nf6 3. Bg2 Nc6 4. d4 Bg4 5. Ne5 Bh5 6. c4 e6 7. Qa4 Bb4+ 8. Bd2
Bxd2+ 9. Nxd2 O-O 10. Nxc6 Qe8 11. Rc1 bxc6 12. e4 e5 13. O-O exd4 14. Rfe1
dxc4 15. Qxc4 Rd8 16. e5 Ng4 17. h3 Nxe5 18. Qc5 f6 19. f4 Qg6 20. fxe5 Qxg3
21. exf6 Bg6 22. Qe5 Qh4 23. Qe6+ Bf7 24. Qg4 Qxf6 25. Rxc6 Rd6 26. Rxc7 Bh5
27. Qg3 Qh6 28. Rxg7+ Qxg7 29. Qxd6 Rf6 30. Qd5+ Bf7 31. Re8+ 1-0